[Event "Heusenstamm Sparkassen op-A 5th"]
[Site "Heusenstamm"]
[Date "2018.11.25"]
[Round "6"]
[White "Stuemer, Paul"]
[Black "Bachmann, Nick"]
[Result "1/2-1/2"]
[WhiteElo "2074"]
[BlackElo "1957"]
[PlyCount "57"]
[EventDate "2018.11.22"]
[EventType "swiss"]
[EventRounds "7"]
[EventCountry "GER"]
[SourceTitle "CBM 188 Extra"]
[Source "ChessBase"]
[SourceDate "2019.02.26"]
[SourceVersion "1"]
[SourceVersionDate "2019.02.26"]
[SourceQuality "1"]

1. Nf3 c5 2. e3 g6 3. d4 Bg7 4. Nc3 b6 5. Be2 Bb7 6. 0-0 Nf6 7. d5 e6 8. e4 h6 9. h3 0-0 10. Bf4 Na6 11. Qd2 Kh7 12. Rad1 exd5 13. exd5 Nc7 14. Bc4 a6 15. a4 b5 16. axb5 axb5 17. Nxb5 Nxb5 18. Bxb5 Bxd5 19. Ne5 Be6 20. Nxd7 Bxd7 21. Bxd7 Qxd7 22. Qxd7 Nxd7 23. Rxd7 Bxb2 24. Bd6 Rfd8 25. Rxf7+ Kg8 26. Rb7 Rxd6 27. Rxb2 Rd2 28. Re1 Rad8 29. Re7 1/2-1/2

[Event "Main Vogelsberg op 10th"]
[Site "Hanau"]
[Date "2015.05.22"]
[Round "1"]
[White "Knichelmann, Ernst"]
[Black "Bachmann, Nick"]
[Result "0-1"]
[WhiteElo "1260"]
[BlackElo "1770"]
[PlyCount "72"]
[EventDate "2015.05.22"]
[EventType "swiss"]
[EventRounds "7"]
[EventCountry "GER"]
[SourceTitle "EXT 2016"]
[Source "ChessBase"]
[SourceDate "2015.10.08"]
[SourceVersion "1"]
[SourceVersionDate "2015.10.08"]
[SourceQuality "1"]

1. f4 d5 2. Nf3 c5 3. d3 g6 4. Be3 Qd6 5. g3 Bg7 6. c3 Bd7 7. Bg2 Bc6 8. d4 c4 9. 0-0 Nh6 10. Nbd2 Ng4 11. Bf2 Nxf2 12. Rxf2 Nd7 13. e3 0-0 14. Ne5 e6 15. Ndf3 b5 16. a3 a5 17. Nxc6 Qxc6 18. Ne5 Nxe5 19. fxe5 Bh6 20. Qe2 b4 21. axb4 axb4 22. Rxa8 Rxa8 23. e4 Ra1+ 24. Rf1 Rxf1+ 25. Kxf1 bxc3 26. bxc3 Qb5 27. exd5 exd5 28. Qf3 Qb1+ 29. Kf2 Bd2 30. Qxd5 Qe1+ 31. Kf3 Qe3+ 32. Kg4 Qe2+ 33. Bf3 h5+ 34. Kh3 Qf1+ 35. Kh4 g5+ 36. Kxh5 Qh3# 0-1

[Event "Hessen-chB"]
[Site "Offenbach"]
[Date "2012.04.05"]
[Round "3"]
[White "Bachmann, Nick"]
[Black "Strobel, Sebastian"]
[Result "1/2-1/2"]
[WhiteElo "1802"]
[BlackElo "1439"]
[PlyCount "53"]
[EventDate "2012.04.05"]
[EventType "swiss"]
[EventRounds "7"]
[EventCountry "GER"]
[SourceTitle "EXT 2013"]
[Source "ChessBase"]
[SourceDate "2012.11.22"]
[SourceVersion "1"]
[SourceVersionDate "2012.11.22"]
[SourceQuality "1"]

1. e4 e6 2. d4 d5 3. Nc3 Bb4 4. a3 Bxc3+ 5. bxc3 Ne7 6. Bd3 b6 7. Nf3 0-0 8. 0-0 Bd7 9. e5 h6 10. Bf4 c5 11. Qd2 c4 12. Be2 Ba4 13. Kh1 Ng6 14. Bg3 Nc6 15. h4 Nge7 16. Bh2 Nf5 17. h5 Nh4 18. Rg1 Nxf3 19. gxf3 Kh7 20. Rxg7+ Kxg7 21. Rg1+ Kh7 22. Bd3+ cxd3 23. Qxd3+ Kh8 24. Qd2 Kh7 25. Qd3+ Kh8 26. Qe3 Kh7 27. Qd3+ 1/2-1/2

[Event "Karl Mala Memorial op 13th"]
[Site "Frankfurt"]
[Date "2010.07.10"]
[Round "4"]
[White "Bachmann, Nick"]
[Black "Larem, Peter"]
[Result "0-1"]
[WhiteElo "1682"]
[BlackElo "1922"]
[PlyCount "78"]
[EventDate "2010.07.08"]
[EventType "swiss"]
[EventRounds "7"]
[EventCountry "GER"]
[SourceTitle "EXT 2012"]
[Source "ChessBase"]
[SourceDate "2011.11.24"]
[SourceVersion "1"]
[SourceVersionDate "2011.11.24"]
[SourceQuality "1"]

1. e4 e5 2. Nc3 Nc6 3. Nf3 Nf6 4. d4 exd4 5. Nxd4 Bc5 6. Nxc6 bxc6 7. Bd3 0-0 8. 0-0 d5 9. exd5 cxd5 10. Bg5 c6 11. Qf3 Be7 12. Rae1 Be6 13. Ne2 Qd7 14. h3 c5 15. Ng3 h6 16. Bxf6 Bxf6 17. c3 c4 18. Bf5 Rab8 19. Bxe6 fxe6 20. Qe2 Bh4 21. Qxe6+ Qxe6 22. Rxe6 Rxb2 23. Re2 Rfb8 24. Rfe1 Bf6 25. Rd1 Rxe2 26. Nxe2 Rb2 27. Nf4 Bxc3 28. Nxd5 Bd2 29. Ne3 c3 30. Nc4 Rxa2 31. Nxd2 Rxd2 32. Rc1 c2 33. Kh2 Rxf2 34. Kg3 Rd2 35. Kf3 a5 36. h4 a4 37. g4 a3 38. Ke3 Rh2 39. h5 Kf7 0-1

[Event "Karl Mala Memorial op 13th"]
[Site "Frankfurt"]
[Date "2010.07.10"]
[Round "5"]
[White "Schmalhorst, Sophia"]
[Black "Bachmann, Nick"]
[Result "1-0"]
[WhiteElo "1834"]
[BlackElo "1682"]
[PlyCount "75"]
[EventDate "2010.07.08"]
[EventType "swiss"]
[EventRounds "7"]
[EventCountry "GER"]
[SourceTitle "EXT 2012"]
[Source "ChessBase"]
[SourceDate "2011.11.24"]
[SourceVersion "1"]
[SourceVersionDate "2011.11.24"]
[SourceQuality "1"]

1. e4 e5 2. Nf3 Nc6 3. Nc3 Nf6 4. a3 d5 5. Bb5 Bg4 6. exd5 Nxd5 7. Qe2 Nf4 8. Qxe5+ Qe7 9. Qxe7+ Bxe7 10. 0-0 Bxf3 11. gxf3 0-0-0 12. d3 g5 13. Bxc6 bxc6 14. Re1 Bd6 15. Ne4 f5 16. Nxd6+ cxd6 17. Be3 Rd7 18. Bxf4 gxf4 19. Re6 Kc7 20. Rae1 Rg8+ 21. Kf1 Rdg7 22. Re7+ Kd8 23. Rxg7 Rxg7 24. Re6 Rg6 25. Rxg6 hxg6 26. d4 a5 27. Ke2 Kc7 28. Kd3 d5 29. c4 Kb6 30. cxd5 cxd5 31. a4 g5 32. Kc3 g4 33. fxg4 fxg4 34. b4 axb4+ 35. Kxb4 Ka6 36. Kc5 Ka5 37. Kxd5 Kxa4 38. Ke4 1-0

[Event "Karl Mala Memorial op 13th"]
[Site "Frankfurt"]
[Date "2010.07.09"]
[Round "2"]
[White "Niedenthal, Robert"]
[Black "Bachmann, Nick"]
[Result "0-1"]
[WhiteElo "1899"]
[BlackElo "1682"]
[PlyCount "94"]
[EventDate "2010.07.08"]
[EventType "swiss"]
[EventRounds "7"]
[EventCountry "GER"]
[SourceTitle "EXT 2012"]
[Source "ChessBase"]
[SourceDate "2011.11.24"]
[SourceVersion "1"]
[SourceVersionDate "2011.11.24"]
[SourceQuality "1"]

1. g3 Nf6 2. Bg2 g6 3. d4 Bg7 4. e4 d6 5. Ne2 0-0 6. 0-0 a6 7. Nbc3 c6 8. a4 a5 9. h3 Na6 10. Be3 e5 11. dxe5 dxe5 12. Qxd8 Rxd8 13. Bb6 Rd2 14. Bxa5 Rxc2 15. Rab1 Nc5 16. Bc7 Nfxe4 17. Rfd1 Nd2 18. b4 Nxb1 19. Rd8+ Bf8 20. bxc5 Nxc3 21. Nxc3 Rxc3 22. Bd6 Rc1+ 23. Kh2 Kg7 24. Bxf8+ Kf6 25. h4 Rc2 26. g4 g5 27. hxg5+ Kxg5 28. Be7+ Kxg4 29. Rg8+ Kf4 30. Bg5+ Kf5 31. Be3 Kf6 32. Bg5+ Ke6 33. Re8+ Kf5 34. Be3 Kf6 35. Rg8 Ra2 36. Bg5+ Ke6 37. Bh3+ f5 38. Re8+ Kf7 39. Re7+ Kg6 40. Bh4 R2xa4 41. f4 Ra2+ 42. Bg2 exf4 43. Kg1 Rc2 44. Re1 Raa2 45. Bf1 f3 46. Rd1 Rd2 47. Rc1 Be6 0-1

[Event "Karl Mala Memorial op 13th"]
[Site "Frankfurt"]
[Date "2010.07.08"]
[Round "1"]
[White "Koch, Markus"]
[Black "Bachmann, Nick"]
[Result "1-0"]
[WhiteElo "2053"]
[BlackElo "1682"]
[PlyCount "65"]
[EventDate "2010.07.08"]
[EventType "swiss"]
[EventRounds "7"]
[EventCountry "GER"]
[SourceTitle "EXT 2012"]
[Source "ChessBase"]
[SourceDate "2011.11.24"]
[SourceVersion "1"]
[SourceVersionDate "2011.11.24"]
[SourceQuality "1"]

1. d4 Nf6 2. c4 g6 3. Nf3 Bg7 4. Nc3 d6 5. e4 0-0 6. Be2 e5 7. 0-0 Nc6 8. d5 Ne7 9. b4 Ne8 10. a4 f5 11. a5 h6 12. c5 g5 13. a6 dxc5 14. bxc5 fxe4 15. Nd2 bxa6 16. Ndxe4 Kh8 17. Bxa6 Nf6 18. d6 cxd6 19. cxd6 Nc6 20. Nxf6 Bxf6 21. Qh5 Kg7 22. Ne4 Bxa6 23. Rxa6 Nb8 24. Ra3 Nd7 25. Be3 a6 26. h4 Rh8 27. Rc1 Rc8 28. Rac3 Rxc3 29. Rxc3 Qb8 30. Rc7 Qb1+ 31. Kh2 Rd8 32. Nxf6 Kxf6 33. Qxh6+ 1-0

[Event "Main Vogelsberg op 5th"]
[Site "Hanau"]
[Date "2010.04.29"]
[Round "2"]
[White "Hess, Steffen"]
[Black "Bachmann, Nick"]
[Result "1-0"]
[WhiteElo "2068"]
[BlackElo "1647"]
[PlyCount "101"]
[EventDate "2010.04.28"]
[EventType "swiss"]
[EventRounds "7"]
[EventCountry "GER"]
[SourceTitle "CBM 136 Extra"]
[Source "ChessBase"]
[SourceDate "2010.07.02"]
[SourceVersion "2"]
[SourceVersionDate "2010.07.15"]
[SourceQuality "1"]

1. d4 Nf6 2. Nf3 g6 3. Nbd2 Bg7 4. e4 d6 5. Bd3 Bg4 6. h3 Bxf3 7. Nxf3 Nfd7 8. Be3 c5 9. c3 Nc6 10. d5 Nce5 11. Nxe5 Nxe5 12. Qa4+ Nd7 13. 0-0 0-0 14. f4 a6 15. Rac1 b5 16. Qd1 c4 17. Bb1 Qc7 18. Bd4 Bxd4+ 19. Qxd4 Qb6 20. Rcd1 a5 21. Rfe1 b4 22. Qxb6 Nxb6 23. Bc2 Rfc8 24. e5 dxe5 25. Rxe5 Rd8 26. Be4 Kf8 27. d6 Rxd6 28. Rxd6 exd6 29. Rb5 d5 30. Bxd5 Nxd5 31. Rxd5 Ke7 32. Rc5 Rd8 33. cxb4 axb4 34. Rxc4 Rd1+ 35. Kh2 Ra1 36. Rxb4 Rxa2 37. Kg3 Ra5 38. Kf3 Rd5 39. Re4+ Kd6 40. Re1 Rb5 41. Re2 h5 42. Kg3 Rb4 43. Kf3 Rb3+ 44. Ke4 Ke6 45. Kd4+ Kf5 46. Kc4 Rb7 47. b4 Kxf4 48. b5 Rd7 49. Kc5 Rd1 50. b6 Rb1 51. Kc6 1-0